Marketing v zahraničí a právo
Podnikanie na území určitého štátu zásadne podlieha právu tohto štátu. Zmluva o obchodnom zastúpení. Rozhodné právo. Spory a vymáhanie nárokov. Komunitárne právo Európskej únie. Komunitárne normy - smernice EÚ, ktoré regulujú marketingové aktivity.
Salvato in:
| Autore principale: | |
|---|---|
| Natura: | Capitolo di libro |
| Lingua: | ceco |
| Soggetti: | |
| Tags: |
Nessun Tag, puoi essere il primo ad aggiungerne!!
|
MARC
| LEADER | 00000naa$a2200000$$$4500 | ||
|---|---|---|---|
| 001 | 0067605 | ||
| 005 | 20231016105748.5 | ||
| 041 | 0 | |a cze | |
| 044 | |a CZ | ||
| 245 | 1 | 0 | |a Marketing v zahraničí a právo |c Karla Chlumská |
| 520 | |a Podnikanie na území určitého štátu zásadne podlieha právu tohto štátu. Zmluva o obchodnom zastúpení. Rozhodné právo. Spory a vymáhanie nárokov. Komunitárne právo Európskej únie. Komunitárne normy - smernice EÚ, ktoré regulujú marketingové aktivity. | ||
| 610 | 2 | 0 | |a právo komunitárne |
| 610 | 2 | 0 | |a právo medzinárodné |
| 610 | 2 | 0 | |a smernice |
| 610 | 2 | 0 | |a podnikanie medzinárodné |
| 610 | 2 | 0 | |a zastupiteľstvá obchodné |
| 610 | 2 | 0 | |a Európska únia |
| 100 | 1 | |a Chlumská, Karla | |